LEADER 01412nam a2200313 a 4500 001 000000128338 003 CaOOAMICUS 005 20120413094345.0 008 120413s2004 it u000 u ita r 020 $a88-901001-6-8 040 $aPUL$bita 082 04$a262.142 100 1 $aDe Santi, Michele.$0(OLS)http://pul/name/82002 245 12$aL'abito ecclesiastico :$bsua valenza e storia /$cMichele De Santi e il contributo di Franco Cardini ; premessa del Card. Darío Castrillón Hoyos. 260 $aRavenna :$bEdizioni Carismatici francescani,$c©2004. 300 $a317 p. ;$c19 cm. 504 $aBibliografia in nota. 650 4$aSacerdozio$xAbiti.$0(OLS)http://pul/subject/38584 700 1 $aCardini, Franco,$d1940-$0(OLS)http://pul/name/5528 700 1 $aCastrillon Hoyos, Dario,$ccard.$0(OLS)http://pul/name/73289 850 $aPUL 852 $aPUL$W1$xDP2 Religione 3$y114$m262. 142 DESMI 1$j148634$qDDC 21$B147163$CPULBib$Z2$F147163 $H119213 $82 941 1 $a9 961 $aGentile omaggio dell'editore. A. Musolesi, 7.2.2012 996 $6020$a88-901001-6-8$9(OLS)http://pul/number/149411 996 $6082$a262.142$9(OLS)http://pul/classification/580 996 $6245$aL'abito ecclesiastico :$bsua valenza e storia$9(OLS)http://pul/title/162188 996 $6260$aRavenna :$bEdizioni Carismatici francescani$9(OLS)http://pul/publisher/81955 LEADER 01121nam a2200277 u 4500 001 000000087876 003 CaOOAMICUS 005 20070226124443.0 008 051021m19719999it u000 u ita u 035 $a11065069 040 $aPUL(R)$bita 100 1 $aRiva, Silvio,$csac.$0(OLS)http://pul/name/6291 245 10$aCultura teologica della religiosa /$cSilvio Riva. 260 $aRoma :$bAntonianum,$c<1971- >. 300 $av. < 5> ;$c22 cm 490 1 $aAggiornamento della religiosa educatrice ;$v6 504 $aInclude indice. 505 1 $av. 5 La morale di Gesù Cristo. 650 4$aTeologia$xManuali, compendi.$0(OLS)http://pul/subject/19822 830 0$aAggiornamento della religiosa educatrice ;$v6.$0(OLS)http://pul/title/24119 850 $aPUL 852 $aPUL$W1$xDP1 Fondo Pastorale$y55$mP2 C 66$j111366$nBK-PRI$b $qFondi$B111366$CPULBib$Z2$F111366 $HPUL2442 $81 900 $aRiva, Silvio Antonio$96291 941 1 $a1 996 $6245$aCultura teologica della religiosa$9(OLS)http://pul/title/113638 996 $6260$aRoma :$bAntonianum$9(OLS)http://pul/publisher/57258